Cities, citadels and sights of the Near East : (Record no. 63183)
[ view plain ]
| 000 -الفاتح | |
|---|---|
| حقل البيانات ثابتة الطول | 02085cam a2200409 i 4500 |
| 005 - وقت وتاريخ اخر تعامل مع التسجيلة | |
| رقم الضبط | 20240530110627.0 |
| 008 - عناصر البيانات ثابتة الطول - معلومات عامة | |
| حقل البيانات ثابتة الطول | 141210r20142014enkabc b 000 0deng d |
| 020 ## - الرقم الدولى المعيارى للكتب | |
| الرقم الدولى المعيارى للكتاب | 9789774166709 (softcover) |
| 020 ## - الرقم الدولى المعيارى للكتب | |
| الرقم الدولى المعيارى للكتاب | 9774166701 (softcover) |
| 040 ## - مصدر الفهرسة | |
| وكالة النسخ | EG-CaGPL |
| وكالة الفهرسة الأصلية | EG-CaGPL |
| 082 04 - رقم تصنيف ديوى العشرى | |
| رقم الطبعة | 21 |
| رقم التصنيف | 722.5\ |
| رقم المادة | G C |
| 100 1# - المدخل الرئيسى - إسم شخصى | |
| الإسم الشخصى | Bedford, Francis, |
| التواريخ المصاحبة للاسم | 1816-1894, |
| الدور | photographer. |
| 240 10 - العنوان الموحد | |
| عنوان موحد | Cairo to Constantinople |
| 245 10 - بيان العنوان | |
| العنوان | Cities, citadels and sights of the Near East : |
| بقية العنوان | Francis Bedford's nineteenth-century photographs of Egypt, the Levant, and Constantinople / |
| بيان المسئوليه,etc | text by Sophie Gordon and Badr El Hage |
| 300 ## - الوصف المادى | |
| التعداد | 154 pages : |
| تفاصيل ماديه اخرى للوعاء | illustrations (some color), maps, portraits ; |
| أبعاد الوعاء | 26 cm |
| 500 ## - تبصرة عامة | |
| تبصرة عامة | "First published by the Royal Collection Trust in 2011 under the title Cairo to Constantinople : Francis Bedford's Photographs of the Middle East"--Title page verso. |
| 500 ## - تبصرة عامة | |
| تبصرة عامة | Dar el Kutub no. 2058/14 |
| 504 ## - تبصرة ببليوجرافية | |
| تبصرة ببليوجرافية,الخ | Includes bibliographical references (pages 153 -154). |
| 600 10 - المدخل الاضافى بالموضوع-اسم شخصى | |
| الإسم الشخصى | Bedford, Francis, |
| التواريخ المصاحبة للاسم | 1816-1894. |
| 600 10 - المدخل الاضافى بالموضوع-اسم شخصى | |
| الإسم الشخصى | Bedford, Francis, |
| التواريخ المصاحبة للاسم | 1816-1894 |
| التقسيم الفرعي العام | Travel |
| التقسيم الفرعي الجغرافي | Middle East. |
| 600 00 - المدخل الاضافى بالموضوع-اسم شخصى | |
| الإسم الشخصى | Edward |
| الترقيم | VII, |
| العنوان والكلمات الأخرى المصاحبة للاسم | King of Great Britain, |
| التواريخ المصاحبة للاسم | 1841-1910 |
| التقسيم الفرعي العام | Travel |
| التقسيم الفرعي الجغرافي | Middle East. |
| 651 #0 - المدخل الاضافى بالموضوع - اسم جغرافى | |
| الاسم الجغرافي | Great Britain |
| التقسيم الفرعي العام | History |
| التقسيم الفرعي الزمني | Edward VII, 1901-1910 |
| التقسيم الفرعي الشكلي | Pictorial works. |
| 651 #0 - المدخل الاضافى بالموضوع - اسم جغرافى | |
| الاسم الجغرافي | Middle East |
| التقسيم الفرعي العام | History |
| التقسيم الفرعي الزمني | 19th century |
| التقسيم الفرعي الشكلي | Pictorial works. |
| 651 #0 - المدخل الاضافى بالموضوع - اسم جغرافى | |
| الاسم الجغرافي | Middle East |
| التقسيم الفرعي الشكلي | Pictorial works. |
| 651 #0 - المدخل الاضافى بالموضوع - اسم جغرافى | |
| الاسم الجغرافي | Egypt |
| التقسيم الفرعي العام | Description and travel. |
| 651 #0 - المدخل الاضافى بالموضوع - اسم جغرافى | |
| الاسم الجغرافي | Egypt |
| التقسيم الفرعي الشكلي | Pictorial works. |
| 700 1# - المدخل الاضافى - اسم شخصى | |
| الإسم الشخصى | Gordon, Sophie, |
| الدور | writer of supplementary textual content. |
| 700 1# - المدخل الاضافى - اسم شخصى | |
| الإسم الشخصى | Ḥājj, Badr, |
| الدور | writer of supplementary textual content. |
| 942 ## - عناصر المدخل الإضافي( كوها) | |
| مصدر التصنيف او مخطط الترفيف | Dewey Decimal Classification |
| Koha [default] item type | كتاب |
| 264 #1 - | |
| -- | Cairo ; |
| -- | New York : |
| -- | The American University in Cairo Press, |
| -- | [2014] |
| 336 ## - | |
| -- | text |
| -- | rdacontent |
| 337 ## - | |
| -- | unmediated |
| -- | rdamedia |
| 338 ## - | |
| -- | volume |
| -- | rdacarrier |
| 520 ## - التبصرة الخاصة بالتعليق أو التلخيص | |
| ملخص,الخ | In 1862 the leading British photographer Francis Bedford was commissioned by Queen Victoria to accompany her son and heir, the future King Edward VII, on an ambitious journey around the Middle East. This book documents that journey. |
| حالة التراجع | حالة الفقد | مصدر التصنيف او خطة الترفيف | حالة تلف | ليس للاعارة | المكان المؤقت | الموقع الحالى | موقع الترفيف | تاريخ الاكتساب | اجمالي اﻻعارات | رقم الطلب | الباركود | تاريخ اخر مشاهدة | تاريخ تفعيل السعر | نوع وعاء كوها |
|---|---|---|---|---|---|---|---|---|---|---|---|---|---|---|
| ddc | مكتبة القاهرة الكبرى | مكتبة القاهرة الكبرى | 01/10/2017 | 722.5\ G C | 163148 | 01/10/2017 | 01/10/2017 | كتاب |

